Periodic Table Metals Multiple Choice - Statistics

General Stats
  • This quiz has been taken 27 times
  • The average score is 7 of 10
Answer Stats
Question Answer % Correct
Neon Noble Gases
92%
Potassium Alkali Metals
80%
Chlorine Reactive Nonmetals
80%
Calcium Alkaline Earth Metals
72%
Radon Noble Gases
72%
Iridium Transition Metals
68%
Aluminum Post-transition Metals
64%
Rubidium Alkali Metals
60%
Osmium Transition Metals
60%
Antimony Metalloids
56%
No matching quizzes found
Score Distribution
Percent of People with Each Score
Percentile by Number Answered
Your Score History
You have not taken this quiz